Dopad často predpisovaných antibiotík a vybraných liečiv na životné prostredie
Salvato in:
| Autore principale: | |
|---|---|
| Altri autori: | |
| Natura: | Manoscritto Libro |
| Lingua: | slovacco |
| Pubblicazione: |
2015
|
| Soggetti: | |
| Accesso online: | http://is.stuba.sk/zp/portal_zp.pl?podrobnosti=93537 |
| Tags: |
Nessun Tag, puoi essere il primo ad aggiungerne!!
|
MARC
| LEADER | 00000ntm a22000003a 4500 | ||
|---|---|---|---|
| 001 | stuzp52438 | ||
| 003 | SK-STU | ||
| 005 | 20160719154154.6 | ||
| 007 | ta | ||
| 008 | 150427s2015----xo-----f-mn---000-0-slo-d | ||
| 040 | |a STU |b slo | ||
| 041 | 0 | |a slo | |
| 100 | 1 | |a Kohelová, Annamária |u 046290 |4 aut |U FCHPT Ústav chemického a environmentálneho inžinierstva |T FCHPT Oddelenie environmentálneho inžinierstva |X 43206 |U C6290 |Y 120 |7 43206 | |
| 242 | 0 | 1 | |a The effect of frequently prescribed antibiotics and selected medicines on the environment |y eng |
| 245 | 1 | 0 | |a Dopad často predpisovaných antibiotík a vybraných liečiv na životné prostredie |
| 260 | |c 2015 | ||
| 650 | 4 | |a antibiotiká |2 slo | |
| 650 | 4 | |a predpisované lieky |2 slo | |
| 650 | 4 | |a kontrastné látky |2 slo | |
| 650 | 4 | |a rezistencia |2 slo | |
| 650 | 4 | |a odpadové vody |2 slo | |
| 650 | 4 | |a životné prostredie |2 slo | |
| 650 | 4 | |a antibiotics |2 eng | |
| 650 | 4 | |a prescribed medicine |2 eng | |
| 650 | 4 | |a contrast medium |2 eng | |
| 650 | 4 | |a resistance |2 eng | |
| 650 | 4 | |a sewage water |2 eng | |
| 650 | 4 | |a environment |2 eng | |
| 700 | 1 | |a Mackuľak, Tomáš |4 ths |X 25433 |7 A000025433 | |
| 856 | 4 | |u http://is.stuba.sk/zp/portal_zp.pl?podrobnosti=93537 | |
| SQL | |a stuzp52438 |b DBP |c SLO |d Dopad často predpisovaných antibiotík a vybraných liečiv na životné prostredie |e 43206 |f Kohelová, Annamária |g 046290 |h 25433 |i Mackuľak, Tomáš |j 20150715 |k 520 |l 04 |m http://is.stuba.sk/zp/portal_zp.pl?podrobnosti=93537 |n B-oVYKOZ |o 5.2.24. potravinárstvo | ||